00760nam a2200229Ii 45000010005000000030009000050080041000140200016000550400033000710410008001040840012001121000026001242450044001502640039001943000012002333360026002453370028002713380027002999400050003269990017003769520137003939355CO-ViMGA241108s9999||||xx |||||||||||||| ||und|| a95820445312 aCO-ViMGAbspaerdacCO-ViMGA0 aspa aN ALE1o1 aCiro Alegría94575210aOnce animales con alma y uno con garras 1aMadrid, España : Alfaguara, 1987 avolumen atextbtxt2rdacontent aunmediatedbn2rdamedia avolumebnc2rdacarrier aidficha_siabuc: 9147. -- ficha_no_siabuc:9355 c40279d40279 001040708InfPoTiaMEVIGERRbMEVIGERRcSInfd2006-11-27oN ALE1opECA9818r2024-11-26 08:55:05tEj.1w2024-11-26yBKz9147 | 12648